000 00382nam a22001457a 4500
003 OSt
005 20251021083512.0
008 251021b |||||||| |||| 00| 0 eng d
020 _a996647
040 _cPHOENIX PUBLISHERS LTD
050 _aPL 8704 .K53 2015
245 _aTHE PRISON BREAK
_cKIBERA NGUMI
260 _aNAIROBI, KENYA
_bPHOENIX PUBLISHERS LTD
_c2015
942 _2lcc
_cBK
_n0
999 _c9662
_d9662